Score 0/30 Timer 05:00
2 Plays Today
% Correct
Body part: Back
95.9%
Body part: Hip
93.9%
Body part: Gum
93.4%
Computer Lingo: Java
92.6%
Body part: Head
92.4%
Clothing: Coat
92.4%
Clothing: Tie
91.9%
Drink: White Russian
91.5%
On the Keyboard: Escape
91.3%
Computer Lingo: Binary
91.3%
Clothing: Scarf
90.8%
On the Keyboard: Tab
90.5%
On the Keyboard: Home
89.7%
Computer Lingo: Ram
88.9%
Computer Lingo: Mouse
88.5%
% Correct
Drink: Kool-Aid
88.4%
Computer Lingo: Screen
87.3%
Letter: K
86.7%
Drink: Martini
84.1%
On the Keyboard: Enter
83.6%
Letter: A
83.4%
Drink: Water
82.6%
Clothing: Fez
82%
Drink: Milk
80.6%
Clothing: Hat
78.4%
Letter: Q
77.6%
On the Keyboard: Delete
77.4%
Body part: Hand
74.4%
Letter: C
74.1%
Letter: M
71.2%
Remove Ads.
Support Sporcle.
Get the best of Sporcle when you Go Orange. This ad-free experience offers more features, more stats, and more fun while also helping to support Sporcle. Thank you for becoming a member.

You're not logged in!

Compare scores with friends on all Sporcle quizzes.
OR
Log In

Show Comments

Extras

Top Quizzes Today


Score Distribution

Your Account Isn't Verified!

In order to create a playlist on Sporcle, you need to verify the email address you used during registration. Go to your Sporcle Settings to finish the process.

Report this User

Report this user for behavior that violates our Community Guidelines.

Details: